Visualizzazione normale
Vista MARC
- Candido Bona
di Personal Name
Records bibliografici associati: 1
001 - CONTROL NUMBER
- control field: 34302
003 - CONTROL NUMBER IDENTIFIER
- control field: IT-RoPau
005 - DATE AND TIME OF LATEST TRANSACTION
- control field: 20150503224151.0
008 - FIXED-LENGTH DATA ELEMENTS
- fixed length control field: 150503|| aca||aabn | a|a d
040 ## - CATALOGING SOURCE
- Original cataloging agency: IT-RoPau
- Transcribing agency: IT-RoPau
100 ## - HEADING--PERSONAL NAME
- Personal name: Candido Bona
670 ## - SOURCE DATA FOUND
- Source citation: Work cat.: (IT-RoPau)8433: Giuseppe Allamano 34300, Quasi una vita. Lettere scritte e ricevute dal beato Giuseppe Allamano…